Представление документа в формате RUSMARC

ПолеНазваниеЗначение
  Тип записи a
  Библиографический уровень a
001 Контрольный номер RU/CBS_UL/BASE/c3b1f854079644fa88e7771039ce1753
005 Дата корректировки 20260116141555.8
100 Данные общей обработки __
a Данные общей обработки 20260116a2025####|||c0rusy0189 ca
101 Язык документа 0_
a Язык текста rus
102 Страна публикации __
a Страна публикации RU
200 Заглавие и сведения об ответственности 1_
a Заглавие Предметы старины
e Сведения, относящиеся к заглавию [к 130-летию Ульяновского областного краеведческого музея - экспонаты, вызывающие неизменный интерес посетителей]
f Первые сведения об ответственности Г. Иванушкина
300 Общие примечания __
a Общие примечания 12+
461 Уровень набора _0
1 2000
a Мономах
463 Уровень физической единицы _0
1 2000
a № 6
v С. 28-31
1 2101
d 2025
1 001RU/REG73/CBS_GRAD/8374b31e6fe94ec5acaf35f08943ee35
606 Тематические рубрики 0_
a Основная рубрика Ульяновский областной краеведческий музей им. И. А. Гончарова - Коллекции
610 Ключевые слова 0_
a Ключевые слова краеведческие музеи
610 Ключевые слова 0_
a Ключевые слова Ульяновский областной краеведческий музей
610 Ключевые слова 0_
a Ключевые слова музейные коллекции, коллекция часов. посуда,кувшины, чайники. музейные экспонаты
686 Индексы других классификаций __
a Классификационный индекс 79.1
700 Автор _1
a Фамилия Иванушкина
b Имя (инициалы) Г.
801 Источник записи _0
a Страна RU
b Организация RuCBSGrad
c Дата составления 20260116
g Правила каталогизации RCR
801 Источник записи _1
a Страна RU
b Организация RuCBSGrad
c Дата составления 20260116
g Правила каталогизации RCR
852 Данные о местонахождении __
a Наименование организации МБУК ЦБС г. Димитровграда
901 Тип документа __
t Тип документа b
w Контрольный № источника RU/REG73/CBS_GRAD/8374b31e6fe94ec5acaf35f08943ee35
909 Создатель записи __
a Создатель записи Тенигина
b Дата создания записи 20260116